[Event "AUTO-OPEN-4126"]
[Site "http://www.queenalice.com/game.php?id=1595585"]
[Date "2020.1.8"]
[Round "1"]
[White "dokuganryu"]
[Black "AsterixTwin"]
[Result "1-0"]
[WhiteElo "2166"]
[BlackElo "2508"]

1. d4 Nf6 2. c4 g6 3. f3 Bg7 4. e4 O-O 5. Nc3 d6 6. Nge2 c5 7. d5 e6 8. Ng3 exd5
9. cxd5 a6 10. a4 Nbd7 11. Be2 Ne8 12. O-O Rb8 13. Be3 Nc7 14. Qd2 b5 15. Bg5 f6
16. Be3 b4 17. Nd1 a5 18. Bh6 Ba6 19. Bxg7 Kxg7 20. Ne3 Bxe2 21. Nxe2 Nb6 22. g4
Qd7 23. h4 Nxa4 24. h5 Nb6 25. Rxa5 Ra8 26. Rxa8 Rxa8 27. Kg2 gxh5 28. Nf5+ Kh8
29. Qh6 Qf7 30. Nf4 hxg4 31. Ne7 1-0

[Event "AUTO-OPEN-4126"]
[Site "http://www.queenalice.com/game.php?id=1595612"]
[Date "2020.1.8"]
[Round "1"]
[White "dokuganryu"]
[Black "bouley"]
[Result "1-0"]
[WhiteElo "2134"]
[BlackElo "2018"]

1. c4 Nf6 2. Nf3 g6 3. Nc3 Bg7 4. e4 d6 5. d4 c6 6. Be2 Bg4 7. Be3 O-O 8. O-O
Nbd7 9. h3 Bxf3 10. Bxf3 e5 11. d5 c5 12. Qc2 a6 13. Rab1 Qc7 14. g4 Nb6 15. b3
Qe7 16. Kg2 h6 17. h4 Nfd7 18. Ne2 Nf6 19. g5 hxg5 20. Bxg5 Nbd7 21. h5 gxh5 22.
Ng3 Qe8 23. Bxf6 Nxf6 24. Rh1 Bh6 25. Nf5 Kh7 26. Nxh6 Kxh6 27. Qd2+ Kg6 28.
Bxh5+ Nxh5 29. Rxh5 f6 30. Qh6+ 1-0

[Event "AUTO-OPEN-4126"]
[Site "http://www.queenalice.com/game.php?id=1595613"]
[Date "2020.1.8"]
[Round "1"]
[White "bouley"]
[Black "dokuganryu"]
[Result "0-1"]
[WhiteElo "2012"]
[BlackElo "2125"]

1. e4 c5 2. Nf3 e6 3. d4 cxd4 4. Nxd4 Nf6 5. Nc3 Nc6 6. Be2 Bb4 7. Nxc6 bxc6 8.
f3 d5 9. exd5 exd5 10. Bd2 O-O 11. O-O Re8 12. Bd3 Rb8 13. a3 Bd6 14. b4 Qc7 15.
g3 Bxg3 16. f4 Bg4 17. Be2 Qb6+ 18. Kh1 Rxe2 19. Nxe2 Re8 20. hxg3 Rxe2 21. Qc1
Qd4 22. c3 Qe4+ 0-1

[Event "AUTO-OPEN-4126"]
[Site "http://www.queenalice.com/game.php?id=1595614"]
[Date "2020.1.8"]
[Round "1"]
[White "dokuganryu"]
[Black "jacconsultoria"]
[Result "1-0"]
[WhiteElo "2312"]
[BlackElo "2724"]

1. e4 c6 2. d4 d5 3. e5 Bf5 4. h4 h5 5. Bd3 Bxd3 6. Qxd3 e6 7. Bg5 Qb6 8. Nd2
Qa6 9. c4 Bb4 10. b3 Ne7 11. Ne2 Nd7 12. O-O Nf5 13. Ng3 Nxg3 14. Qxg3 Nf8 15.
a3 Ba5 16. b4 Bb6 17. c5 Bc7 18. Qe3 Qa4 19. f4 Qc2 20. f5 exf5 21. Rac1 f4 22.
Bxf4 Qg6 23. e6 Qxe6 24. Rce1 O-O-O 25. Bxc7 Qxe3+ 26. Rxe3 Kxc7 27. Rxf7+ Rd7
28. Ree7 Rg8 29. Nf3 Kd8 30. Rxd7+ Nxd7 31. Ng5 Kc8 32. Kh2 Nf6 33. Ne6 Ng4+ 34.
Kh3 g6 35. Rf8+ Rxf8 36. Nxf8 Kd8 37. Nxg6 Kd7 38. Nf4 Nf6 39. Kg3 Ke7 40. Ng6+
Ke6 41. Kf4 Ne4 42. Ne5 Kf6 43. g4 hxg4 44. Nxg4+ Kg6 45. Ne3 Nd2 46. a4 a6 47.
b5 axb5 48. axb5 1-0

[Event "AUTO-OPEN-4126"]
[Site "http://www.queenalice.com/game.php?id=1595615"]
[Date "2020.1.8"]
[Round "1"]
[White "jacconsultoria"]
[Black "dokuganryu"]
[Result "0-1"]
[WhiteElo "2745"]
[BlackElo "2233"]

1. e4 e5 2. f4 exf4 3. Nf3 g5 4. Bc4 g4 5. O-O gxf3 6. Qxf3 Qf6 7. e5 Qxe5 8.
Bxf7+ Kxf7 9. d4 Qf5 10. Bxf4 Nf6 11. Nd2 Bg7 12. Rae1 Nc6 13. Qg3 d6 14. Bg5
Qg4 15. Qb3+ Kg6 16. Bxf6 Bxf6 17. Re4 Qg5 0-1

[Event "AUTO-MASTER-2858"]
[Site "http://www.queenalice.com/game.php?id=1603760"]
[Date "2020.3.22"]
[Round "2"]
[White "rmvwoods"]
[Black "dokuganryu"]
[Result "0-1"]
[WhiteElo "2024"]
[BlackElo "2220"]

1. d4 f5 2. c4 Nf6 3. g3 e6 4. Bg2 c6 5. Nf3 d5 6. O-O Bd6 7. b3 Qe7 8. Bb2 b6
9. Nbd2 Bb7 10. Ne5 O-O 11. Ndf3 a5 12. cxd5 cxd5 13. Rc1 Na6 14. e3 Ne4 15. Ne1
Rac8 16. N1d3 Rxc1 17. Bxc1 Nb4 18. Nxb4 axb4 19. Bxe4 fxe4 20. f4 exf3 21. Nxf3
Ba6 22. Rf2 Qf7 23. Kg2 Qf5 24. Bd2 Bd3 25. Qg1 Be4 26. Qf1 Qg4 27. Qe2 h5 28.
Kf1 Bxf3 29. Rxf3 Rxf3+ 30. Ke1 Qe4 31. Kd1 Rf7 0-1

[Event "AUTO-MASTER-2858"]
[Site "http://www.queenalice.com/game.php?id=1603761"]
[Date "2020.3.22"]
[Round "2"]
[White "dokuganryu"]
[Black "rmvwoods"]
[Result "1-0"]
[WhiteElo "2226"]
[BlackElo "2056"]

1. e4 c5 2. Nf3 d6 3. d4 cxd4 4. Nxd4 Nf6 5. Nc3 a6 6. f3 e5 7. Nb3 Be6 8. Be3
Be7 9. Qd2 O-O 10. O-O-O b5 11. g4 b4 12. Nd5 a5 13. Nxe7+ Qxe7 14. Qxd6 Qxd6
15. Rxd6 a4 16. Nc5 Bxa2 17. Be2 Be6 18. Nxe6 fxe6 19. Bc4 a3 20. Bxe6+ Kh8 21.
Kb1 Na6 22. Bc4 Nc7 23. Rc6 Rfc8 24. Rd1 Nce8 25. Rxc8 Rxc8 26. b3 h6 27. h4 g5
28. hxg5 hxg5 29. Bxg5 Kg7 30. Be3 Kg6 31. g5 Nh7 32. Be6 Rc3 33. Bf5+ Kg7 34.
Rd7+ Kg8 35. Bxh7+ Kf8 36. Bd2 1-0

[Event "AUTO-ELITE-2219"]
[Site "http://www.queenalice.com/game.php?id=1606071"]
[Date "2020.4.5"]
[Round "1"]
[White "PauloRPFonseca"]
[Black "dokuganryu"]
[Result "0-1"]
[WhiteElo "2363"]
[BlackElo "2298"]

1. c4 e5 2. Nc3 Nc6 3. Nf3 f5 4. g3 Nf6 5. d4 e4 6. Nh4 d6 7. Ng2 Be7 8. Ne3 O-O
9. Bh3 Nh5 10. Ned5 Bf6 11. e3 g6 12. Bf1 Ne7 13. Nxf6+ Nxf6 14. b3 d5 15. Qd2
Be6 16. Bb2 Kg7 17. Be2 h6 18. O-O a5 19. Rac1 c6 20. c5 g5 21. Na4 Ng6 22. Nb6
Rb8 23. Rc3 h5 24. Bd1 h4 25. Bc1 Rh8 26. Rc2 Ng4 27. Bxg4 fxg4 28. Qxa5 Qf6 29.
Qe1 Rbf8 30. Bd2 Rh7 31. Na4 Kg8 32. Qe2 Qh8 33. Ba5 Rf3 34. Bd8 Rd7 35. Bxg5
Qh5 36. Bf4 Nxf4 37. exf4 Bf5 0-1

[Event "AUTO-ELITE-2219"]
[Site "http://www.queenalice.com/game.php?id=1606072"]
[Date "2020.4.5"]
[Round "1"]
[White "dokuganryu"]
[Black "PauloRPFonseca"]
[Result "1-0"]
[WhiteElo "2283"]
[BlackElo "2378"]

1. d4 Nf6 2. c4 g6 3. f3 d5 4. cxd5 Nxd5 5. e4 Nb6 6. Nc3 Bg7 7. Be3 O-O 8. Qd2
e5 9. d5 c6 10. h4 cxd5 11. exd5 h5 12. Nh3 Nc4 13. Bxc4 Qxh4+ 14. Nf2 Qxc4 15.
O-O-O Na6 16. b3 Qb4 17. Kb2 Rd8 18. g4 e4 19. Nxe4 Bxg4 20. a3 Qe7 21. Bg5 Qe5
22. Bxd8 Bxf3 23. Nf6+ Bxf6 24. Bxf6 Qxf6 25. Rhf1 Nc5 26. Qe3 Qb6 27. Rxf3
Qxb3+ 28. Kc1 Qxa3+ 29. Kd2 f5 30. Rg1 Kf7 31. Qh6 Nb3+ 32. Kc2 1-0

[Event "AUTO-ELITE-2219"]
[Site "http://www.queenalice.com/game.php?id=1606077"]
[Date "2020.4.5"]
[Round "1"]
[White "BEBADO"]
[Black "dokuganryu"]
[Result "0-1"]
[WhiteElo "2327"]
[BlackElo "2256"]

1. e4 c5 2. Nf3 Nc6 3. d4 cxd4 4. Nxd4 Nf6 5. Nc3 e5 6. Ndb5 d6 7. Bg5 a6 8.
Bxf6 gxf6 9. Na3 b5 10. Nd5 f5 11. Bd3 Be6 12. O-O Bxd5 13. exd5 Ne7 14. c4 e4
15. Be2 Bg7 16. Qd2 b4 17. Qxb4 Ng6 18. Qa4+ Kf8 19. Qc2 f4 20. Rab1 f3 21. gxf3
Be5 0-1

[Event "AUTO-ELITE-2219"]
[Site "http://www.queenalice.com/game.php?id=1606078"]
[Date "2020.4.5"]
[Round "1"]
[White "dokuganryu"]
[Black "BEBADO"]
[Result "1-0"]
[WhiteElo "2270"]
[BlackElo "2313"]

1. e4 c5 2. Nf3 e6 3. d4 cxd4 4. Nxd4 Nf6 5. Nc3 d6 6. g4 h6 7. Rg1 Nc6 8. Be3
a6 9. h4 d5 10. exd5 Nxd5 11. Nxd5 exd5 12. Qe2 Bd6 13. O-O-O Kf8 14. Bg2 Ne7
15. f4 Bd7 16. f5 Rc8 17. Qf2 Be5 18. Nf3 1-0

[Event "AUTO-ELITE-2252"]
[Site "http://www.queenalice.com/game.php?id=1620212"]
[Date "2020.7.12"]
[Round "1"]
[White "dokuganryu"]
[Black "capaputi"]
[Result "1-0"]
[WhiteElo "2335"]
[BlackElo "2282"]

1. d4 Nf6 2. c4 e6 3. Nc3 Bb4 4. f3 d5 5. a3 Bxc3+ 6. bxc3 O-O 7. cxd5 exd5 8.
e3 c5 9. Bd3 Nc6 10. Ne2 Re8 11. O-O Bd7 12. Ng3 Rc8 13. Rb1 Na5 14. e4 dxe4 15.
fxe4 Bg4 16. Qa4 b6 17. Bg5 cxd4 18. cxd4 Bd7 19. Qd1 Bg4 20. Bxf6 1-0

[Event "AUTO-ELITE-2252"]
[Site "http://www.queenalice.com/game.php?id=1620213"]
[Date "2020.7.12"]
[Round "1"]
[White "capaputi"]
[Black "dokuganryu"]
[Result "0-1"]
[WhiteElo "2250"]
[BlackElo "2345"]

1. e4 c5 2. Nf3 d6 3. d4 cxd4 4. Nxd4 Nf6 5. Nc3 a6 6. Bc4 e6 7. Bb3 Nbd7 8. Bg5
Nc5 9. Qe2 Be7 10. Rd1 Nfxe4 11. Bxe7 Nxc3 12. Bxd8 Nxe2 13. Nxe2 Kxd8 14. Rxd6+
Ke7 15. Rd2 b5 16. f3 Bb7 17. Kf2 Rhd8 18. Rhd1 Rxd2 19. Rxd2 g5 20. c3 h5 21.
Bc2 h4 22. h3 Bd5 23. b3 Nd7 24. Be4 Nb6 25. Ke3 f5 26. Bxd5 Nxd5+ 27. Kd3 Rd8
28. Nd4 Kf6 29. Kc2 e5 30. Nc6 Ne3+ 31. Kc1 Rxd2 32. Kxd2 Nxg2 33. Nb4 Nf4 34.
Nxa6 Nxh3 35. Ke1 Nf4 36. Kf1 g4 37. fxg4 fxg4 38. Nc5 Kf5 39. a4 h3 40. Kg1 g3
41. axb5 Ne2+ 0-1

[Event "AUTO-ELITE-2252"]
[Site "http://www.queenalice.com/game.php?id=1620214"]
[Date "2020.7.12"]
[Round "1"]
[White "dokuganryu"]
[Black "beteljeuxe"]
[Result "1-0"]
[WhiteElo "2396"]
[BlackElo "2218"]

1. d4 Nf6 2. c4 e6 3. Nf3 d5 4. Nc3 c6 5. e3 Nbd7 6. Qc2 Bd6 7. g4 h6 8. Bd2
dxc4 9. Bxc4 b5 10. Be2 Bb7 11. e4 b4 12. Na4 Be7 13. Rc1 Qc7 14. O-O Rc8 15.
Nc5 Nxc5 16. dxc5 Nxg4 17. Bxb4 Rd8 18. Kg2 O-O 19. h3 Nf6 20. Bc3 Nd7 21. b4 a5
22. a3 Bf6 23. Bd2 axb4 24. axb4 Ra8 25. b5 Ne5 26. b6 Qe7 27. Qb3 Nxf3 28. Qxf3
Bb2 29. Rc2 Bd4 30. Qg3 Kh7 31. Be3 Ra3 32. Rd1 e5 33. Rd3 Ra5 34. Bxd4 exd4 35.
Rf3 Bc8 36. Qd6 Qxd6 37. cxd6 Bb7 38. Kg3 c5 39. Rb2 Kg8 40. Rb5 Rxb5 41. Bxb5
Bxe4 42. Ra3 Rb8 43. d7 Kf8 44. Ra7 Ke7 45. Rc7 Kd8 46. Rxc5 f6 47. f3 Bd3 48.
Bxd3 Kxd7 49. Rc7+ Kd6 50. Rxg7 Rxb6 51. Rg6 Kc5 52. Rxh6 Kb4 53. Rh7 Kc3 54.
Bg6 1-0

[Event "AUTO-ELITE-2252"]
[Site "http://www.queenalice.com/game.php?id=1620215"]
[Date "2020.7.12"]
[Round "1"]
[White "beteljeuxe"]
[Black "dokuganryu"]
[Result "1/2-1/2"]
[WhiteElo "2531"]
[BlackElo "2354"]

1. e4 c5 2. Nf3 Nc6 3. d4 cxd4 4. Nxd4 Nf6 5. Nc3 e5 6. Ndb5 d6 7. Bg5 a6 8. Na3
b5 9. Nd5 Be7 10. Bxf6 Bxf6 11. c3 O-O 12. Nc2 Rb8 13. h4 g6 14. g3 Bg7 15. h5
Ne7 16. Nce3 Nxd5 17. Nxd5 Be6 18. Qd3 Qd7 19. O-O-O Rfc8 20. Kb1 Rc5 21. Ne3
Rb6 22. Rh2 a5 23. f4 Qb7 24. Ka1 b4 25. c4 a4 26. f5 gxf5 27. exf5 e4 28. Qe2
a3 29. Qg4 h6 30. fxe6 b3 31. Nd5 axb2+ 32. Rxb2 Ra6 33. e7 Rxa2+ 34. Kb1 Rxb2+
35. Kc1 Rc2+ 36. Kb1 Rb2+ 37. Kc1 Rc2+ 38. Kb1 Rb2+ 1/2-1/2

[Event "AUTO-OPEN-4126"]
[Site "http://www.queenalice.com/game.php?id=1624985"]
[Date "2020.8.25"]
[Round "2"]
[White "dokuganryu"]
[Black "szachowykat"]
[Result "0-1"]
[WhiteElo "2385"]
[BlackElo "2219"]

1. d4 d5 2. c4 e5 3. dxe5 d4 4. Nf3 Nc6 5. Nbd2 Nge7 6. Nb3 Nf5 7. g3 Bb4+ 8.
Bd2 Qe7 9. Bg2 Nxe5 10. Nxe5 Bxd2+ 11. Qxd2 Qxe5 12. Qf4 Qxf4 13. gxf4 Nh4 14.
Rg1 d3 15. e3 Nxg2+ 16. Rxg2 g6 17. Rg5 f6 18. Rd5 Be6 19. Rd4 Kf7 20. Rxd3 Rhd8
21. Rxd8 Rxd8 22. Nd4 a5 23. b3 a4 24. h4 Ra8 25. Nxe6 Kxe6 26. b4 a3 27. Kd2
Rd8+ 28. Ke2 h6 29. Rd1 Ra8 30. e4 Ra4 31. Rb1 c5 32. bxc5 Rxc4 33. Rb6+ Kf7 34.
Rxb7+ Ke6 35. Ke3 Rxc5 36. Rb3 Ra5 37. f3 Kf7 0-1

[Event "AUTO-OPEN-4126"]
[Site "http://www.queenalice.com/game.php?id=1624986"]
[Date "2020.8.25"]
[Round "2"]
[White "szachowykat"]
[Black "dokuganryu"]
[Result "1-0"]
[WhiteElo "2201"]
[BlackElo "2402"]

1. e4 c5 2. Nf3 d6 3. d4 cxd4 4. Nxd4 Nf6 5. Nc3 a6 6. h3 e5 7. Nde2 h5 8. a4
Nc6 9. Bg5 Be6 10. g3 Be7 11. Qd2 Qa5 12. Bg2 O-O-O 13. Bxf6 Bxf6 14. h4 g6 15.
Rd1 Ne7 16. Rb1 Qb4 17. Nd5 Nxd5 18. exd5 Qxd2+ 19. Kxd2 Bf5 20. Bh3 Bxh3 21.
Rxh3 Kd7 22. b3 b5 23. Rhh1 Bg7 24. axb5 axb5 25. Ra1 Ra8 26. f3 b4 27. c3 bxc3+
28. Nxc3 f5 29. Ra4 1-0

[Event "AUTO-OPEN-4126"]
[Site "http://www.queenalice.com/game.php?id=1624987"]
[Date "2020.8.25"]
[Round "2"]
[White "dokuganryu"]
[Black "dazzeechain"]
[Result "1-0"]
[WhiteElo "2395"]
[BlackElo "1786"]

1. e4 c5 2. Nf3 Nc6 3. d4 cxd4 4. Nxd4 Nf6 5. Nc3 e6 6. Ndb5 a6 7. Nd6+ Bxd6 8.
Qxd6 Qe7 9. Bf4 Qxd6 10. Bxd6 b5 11. f3 Nd4 12. Rd1 Nc6 13. b4 Bb7 14. a4 1-0